Aposentadoria especial con Mandado de Seguranȧ

Detalles Bibliográficos
Autor principal: Tadeu Muniz, Clùdio
Formato: Libro
Lenguaje:portugués
Publicado: Brasil Editora JH Mizuno 2015
Materias:
Acceso en línea:Acceso restringido

MARC

LEADER 00000nam a22000007a 4500
005 20151217120656.0
007 cr|||| ||u|
008 151217s2015 bl ||||| |||| 00| 0 por d
020 |a 978-85-7789-232-7 
035 |a 12980 
040 |a vLex 
090 |c 5750  |d 5750 
100 1 |a Tadeu Muniz, Clùdio 
245 1 0 |a Aposentadoria especial con Mandado de Seguranȧ  |h [Recurso electrn̤ico] /  |c Clùdio Tadeu Muniz 
256 |a Servicio en ln̕ea 
260 |a Brasil  |b Editora JH Mizuno  |c 2015 
300 |a 1 recurso electrn̤ico (299p) 
500 |a Modelos Prt̀icos de Mandado de Seguranȧ para mais de um pedido de benefc̕io e outros modelos prt̀icos de peȧs previdencir̀ias 
506 1 |a Contenido solo disponible en los productos indicados  |d vLex Global  |d vLex Global (Academic Edition, excluding Law Schools)  |d vLex Global (U.S. Academic Edition, Law Schools)  |d vLex Global (U.S. Academic Edition, excluding Law Schools)  |d vLex Global (Academic Edition, Law Schools) 
650 0 4 |a Derecho  |z Brasil 
740 0 |a vLex libros (servicio en ln̕ea) 
856 4 0 |u http://vlex.com/source/aposentadoria-especial-12980  |z Acceso restringido 
942 |c BOOK 
999 0 |a Law